000 00578nam a2200169 4500
020 _a9788120417984
082 _a624.25
_bRAJ
_cNUST-02P-99 for Acc=51076
100 _aRaju, Krishna N
_943234
245 _aDesign of Bridges
_b IRC-6-2014, IRC 22-2015, IRC 24-2001, IRC 112-2011
_cN Krishana Raju
250 _a5th ed.
260 _aNew Delhi:
_bOxford and IBH Publishing Company PVT CBS . ltd.
_c2017,201
300 _aXXII, 683 p.
_bill.
526 _a0
_b0
_c0
_d624_250000000000000_RAJ
526 _a0
_b0
_c0
_d624_250000000000000_RAJ
650 _aBridges
942 _2ddc
_cBK
999 _c554010
_d554010